|
|
|
|
| LEADER |
00000nam a2200000 a 4500 |
| 001 |
vtls001440657 |
| 003 |
SK-MaSNL |
| 005 |
20260223204157.0 |
| 008 |
240126s1961 xo 0 und |
| 035 |
|
|
|a SNK000395830
|
| 040 |
|
|
|a SNK
|b slo
|c SNK
|e AACR2
|
| 044 |
|
|
|a xo
|c SK
|
| 245 |
1 |
|
|a Vesmír, zem, človek
|
| 260 |
|
|
|a Bratislava
|b Mladé letá
|c 1961
|
| 300 |
|
|
|a 195 s.príl.1-6
|
| 999 |
|
|
|c 696141
|d 698071
|
| 952 |
|
|
|a SNK
|b SNK
|y PREZ
|7 0
|p 17A0803412
|o snkSC 20595/3
|0 0
|1 0
|4 0
|d 2012-09-04
|l 0
|r 2025-08-13 00:00:00
|w 2026-02-23
|
| 952 |
|
|
|t P60, <04>, [BOOK], {604}
|a SNK
|b SNK
|y VYP
|7 0
|p 17A0355445
|o snkSC 20595/3 D1
|0 0
|1 0
|4 0
|d 2002-09-10
|l 0
|r 2005-01-02 00:00:00
|w 2026-02-23
|
| 952 |
|
|
|t P60, <04>, [BOOK], {604}
|a SNK
|b SNK
|y VYP
|7 0
|p 17A0355399
|o snkSC 20595/3 príl.1-6 D1
|0 0
|1 0
|4 0
|d 2002-09-10
|l 0
|r 2005-01-02 00:00:00
|w 2026-02-23
|